Sobre el tamaño del desempleo oculto en el mercado de trabajo urbano de la Argentina (Registro nro. 16320)

Detalles MARC
000 -LEADER
fixed length control field 00409 a2200121 4500
001 - CONTROL NUMBER
control field ART_3318
005 - DATE AND TIME OF LATEST TRANSACTION
control field 20260410161714.0
008 - FIXED-LENGTH DATA ELEMENTS--GENERAL INFORMATION
fixed length control field 260409a
100 1# - MAIN ENTRY--PERSONAL NAME
Personal name Beccaria, Luis A.
245 10 - TITLE STATEMENT
Title Sobre el tamaño del desempleo oculto en el mercado de trabajo urbano de la Argentina
700 1# - ADDED ENTRY--PERSONAL NAME
Personal name Orsatti, Alvaro
773 0# - HOST ITEM ENTRY
Title Desarrollo económico
Related parts - Vol. 19, Nº 74 (jul./sep. 1979)
Record control number REV1174

No hay ítems disponibles.